Studi sul platonismo medievale
Guardat en:
| Autor principal: | |
|---|---|
| Format: | Llibre |
| Idioma: | italià |
| Publicat: |
Florencia
Felice le Monnier
1958
|
| Col·lecció: | Quaderni di Letteratura e D'Arte
|
| Matèries: | |
| Etiquetes: |
Afegir etiqueta
Sense etiquetes, Sigues el primer a etiquetar aquest registre!
|
MARC
| LEADER | 00000nam a2200000 a 4500 | ||
|---|---|---|---|
| 001 | UCZ5183 | ||
| 003 | CL-VaPUC | ||
| 008 | 951117e19580000IT |||||||||||||||||ita|d | ||
| 082 | 0 | 4 | |a 184 |b GAR |2 21 |
| 100 | |a Garín, Eugenio |e autor |9 491158 | ||
| 245 | 1 | 0 | |a Studi sul platonismo medievale |
| 300 | |a 219 p | ||
| 942 | |c BK | ||
| 945 | |d 19951117 00:00:00 |a cmena | ||
| 260 | |a Florencia |b Felice le Monnier |c 1958 | ||
| 650 | 0 | |a Platonismo |9 265673 | |
| 650 | 0 | |a Filosofía medieval |9 256245 | |
| 650 | 0 | |a Misticismo |9 265505 | |
| 650 | 0 | |a Escuelas filosóficas |9 266232 | |
| 650 | 7 | |a INMORTALIDAD |2 CL-VaPUC |9 320467 | |
| 583 | |a last modification |c 19951117 00:00:00 |k Rodrigo Vera | ||
| 490 | 0 | |a Quaderni di Letteratura e D'Arte | |
| 999 | |c 241505 |d 241503 | ||
| 952 | |0 0 |1 0 |4 0 |6 184_000000000000000_GAR_1958 |7 0 |8 P |9 253840 |a BIBEDU |b BIBEDU |c BIBEDU_PB |d 2019-11-19 |i 1572504 |o 184 GAR 1958 |p 1572504 |r 2024-01-25 |w 2019-11-19 |y BK |k FIL | ||